000 00634cab a2200217 4500
001 ABS46669
008 090401t1992 xxu||||| |||| 00| 0 eng d
035 _a(Sirsi) u59098
041 _aeng
245 _aTaxing the fruits of labour
260 _c1992
350 _a0
490 _aTaxation
_v129(3359) 25 June 1992, 310-312(3)
520 _aDiscusses the treatment of business property, including replacement property , for inheritance tax purposes.
650 _aBUSINESS PROPERTY RELIEFS
650 _aINHERITANCE TAX ACT 1984
650 _aINHERITANCE TAX
690 _aTAXATION
942 _n0
948 _c04/03/1997
999 _c36202
_d36202